Statistiques concernant 15 principaux pays touchés par Covid-19 - 11 décembre

Cliquez ici pour prendre le quiz!

Statistiques générales

  • Ce quiz a été pris 26 fois
  • Le résultat moyen est 12 sur 27

Statistiques - réponses

pays% Correct
France
100%
Etats-Unis
91%
Allemagne
86%
Espagne
86%
Russie
86%
Inde
77%
Italie
77%
Mexique
77%
Brésil
73%
Royaume-Uni
64%
Belgique
55%
Argentine
50%
Turquie
45%
Pologne
32%
Suisse
32%
Colombie
27%
Iran
27%
Croatie
18%
Autriche
14%
Slovénie
14%
Tchèquie
14%
Arménie
9%
Israël
9%
Panama
9%
Bahreïn
5%
Géorgie
5%
Qatar
5%

Distribution des résultats

Percentile par nombre de réponses

% des personnes avec chaque résultat

Votre développement - résultats

Vous n’avez pas pris ce quiz